000 00302nam a22001337a 4500
008 170822b xxu||||| |||| 00| 0 eng d
020 _a9780669433944
041 _aeng
080 _a51
100 _a37
101 _aMAT
245 _aALGEBRA AN INTECRATED APPROACH
_cKANOLD.L
942 _2udc
_cBK
999 _c24435
_d24435